[Event "DEM U12/U12w 2004"]
[Site "Willingen GER"]
[Date "2004.06.02"]
[Round "7"]
[White "Belger, Christian"]
[Black "Yakovenko, Oleg"]
[Result "1-0"]
[Termination "normal"]
[Board "24"]
[WhiteElo "1581"]
[BlackElo "1365"]
[PlyCount "97"]
[WhiteFideId "24622940"]
[BlackFideId "4696000"]
[EventCountry "GER"]
[EventRounds "11"]
[EventType "swiss"]
[EventDate "2004.05.29"]

1. e4 c5 2. Nf3 Nc6 3. d4 cxd4 4. Nxd4 Nf6 5. Nc3 e6 6. a3 d5 7. exd5 exd5 8.
Be2 Be7 9. O-O O-O 10. Bf4 a6 11. Bf3 Qb6 12. Be3 Qxb2 13. Na4 Qxa1 14. Qxa1
Bd7 15. Nb6 Rad8 16. Nxd7 Rxd7 17. Nxc6 bxc6 18. Qc3 c5 19. Bg5 d4 20. Qc4 Rc7
21. Bxf6 Bxf6 22. g3 Re8 23. Rb1 h6 24. Rb7 Rxb7 25. Bxb7 Re7 26. Bf3 Rc7 27.
Qxa6 Be7 28. Qc4 g6 29. a4 Ra7 30. Qb5 Kg7 31. a5 Bd8 32. a6 Be7 33. Bb7 Bd6
34. Qb6 Bb8 35. Qxc5 g5 36. Qxd4+ Kg6 37. c4 h5 38. c5 f5 39. c6 h4 40. Qc5
hxg3 41. hxg3 f4 42. c7 Bxc7 43. Qxc7 fxg3 44. Be4+ Kh5 45. Qxa7 gxf2+ 46. Kxf2
g4 47. Kg3 Kg5 48. Qg7+ Kh5 49. Qg6# 1-0

[Event "DEM U12/U12w 2004"]
[Site "Willingen GER"]
[Date "2004.06.02"]
[Round "7"]
[White "Doberitz, Paul"]
[Black "Hohmann, Louisa"]
[Result "1-0"]
[Termination "normal"]
[Board "25"]
[WhiteElo "1576"]
[BlackElo "1339"]
[PlyCount "39"]
[WhiteFideId "24646130"]
[EventCountry "GER"]
[EventRounds "11"]
[EventType "swiss"]
[EventDate "2004.05.29"]

1. e4 e6 2. d4 d5 3. Nc3 Nf6 4. Bg5 Be7 5. Bxf6 Bxf6 6. Nf3 Nc6 7. e5 Be7 8.
Bd3 f6 9. Qe2 O-O 10. O-O-O a6 11. h4 b5 12. g4 Bb7 13. exf6 Bxf6 14. Qxe6+ Kh8
15. g5 Bxd4 16. Qg4 Bxf2 17. Qh5 Kg8 18. Bxh7+ Kh8 19. Bg6+ Kg8 20. Qh7# 1-0

[Event "DEM U12/U12w 2004"]
[Site "Willingen GER"]
[Date "2004.06.02"]
[Round "7"]
[White "Müller, Anna-Louise"]
[Black "Colpe, Malte"]
[Result "0-1"]
[Termination "normal"]
[Board "27"]
[WhiteElo "1349"]
[BlackElo "1520"]
[PlyCount "158"]
[WhiteFideId "4633512"]
[BlackFideId "24623075"]
[EventCountry "GER"]
[EventRounds "11"]
[EventType "swiss"]
[EventDate "2004.05.29"]

1. e4 e5 2. Nf3 Nc6 3. Nc3 Nf6 4. d4 exd4 5. Nxd4 d6 6. Bc4 Bg4 7. f3 Bh5 8.
Be3 Be7 9. Qd2 Qd7 10. O-O-O a6 11. g4 Bg6 12. h4 h5 13. g5 Nh7 14. Nxc6 bxc6
15. f4 Nf8 16. f5 Bh7 17. Rhg1 f6 18. g6 Bg8 19. Bxg8 Rxg8 20. Qd4 d5 21. exd5
Qxf5 22. dxc6 Rd8 23. Qc4 Qe6 24. Rxd8+ Kxd8 25. Qxe6 Nxe6 26. Rd1+ Kc8 27. Rd7
Bd6 28. Ne4 Be5 29. b4 Nd8 30. c3 Nxc6 31. Rd5 Re8 32. Bd2 Kb7 33. Nc5+ Ka7 34.
Rd7 Re7 35. Be3 Rxd7 36. Nxd7+ Ka8 37. Kc2 Ne7 38. Nc5 Nxg6 39. Ne6 Nxh4 40.
Nxg7 Ng2 41. Bf2 h4 42. Nh5 h3 43. Ng3 Ne3+ 44. Kd3 Bxg3 45. Bxg3 Nf1 46. Bxc7
h2 47. Bxh2 Nxh2 48. Ke4 Ng4 49. Kf5 Ne3+ 50. Kxf6 Nd5+ 51. Ke5 Nxc3 52. a3 Nb1
53. a4 Nc3 54. a5 Kb7 55. Kd4 Na2 56. Kc5 Nc3 57. Kd4 Nb5+ 58. Kc5 Kc7 59. Kd5
Nd6 60. Kc5 Nb7+ 61. Kd5 Kd7 62. Kd4 Kc6 63. Kc4 Nd6+ 64. Kb3 Kb5 65. Kc3 Nf5
66. Kb3 Ne7 67. Ka3 Nd5 68. Kb3 Nxb4 69. Ka3 Kxa5 70. Kb3 Kb5 71. Ka3 a5 72.
Kb3 a4+ 73. Ka3 Nd5 74. Kb2 Kb4 75. Ka2 a3 76. Kb1 Kb3 77. Ka1 Nb4 78. Kb1 a2+
79. Ka1 Nc2# 0-1

[Event "DEM U12/U12w 2004"]
[Site "Willingen GER"]
[Date "2004.06.02"]
[Round "7"]
[White "Park, Johannes"]
[Black "Voss, Chantal"]
[Result "1/2-1/2"]
[Termination "normal"]
[Board "28"]
[WhiteElo "1433"]
[BlackElo "1247"]
[PlyCount "99"]
[BlackFideId "4664906"]
[EventCountry "GER"]
[EventRounds "11"]
[EventType "swiss"]
[EventDate "2004.05.29"]

1. d4 d5 2. c4 e6 3. Nc3 c6 4. cxd5 exd5 5. Nf3 Bg4 6. Ne5 Bf5 7. e3 Nf6 8. Be2
Bd6 9. Nf3 O-O 10. O-O Nbd7 11. b3 Re8 12. Bb2 Qc7 13. Rc1 a6 14. a3 Bg6 15. b4
b5 16. Qb3 Rab8 17. h3 Ne4 18. Nxd5 Qb7 19. Nc3 Nef6 20. Nb1 Rbc8 21. Nbd2 Ne4
22. Rfd1 Nb6 23. Nh4 Nxd2 24. Rxd2 Be4 25. Bf3 Bxf3 26. Nxf3 Nd5 27. Qd3 h6 28.
Rdc2 Re7 29. Nd2 Nb6 30. Nb3 Qa8 31. e4 Nc4 32. Nd2 Nxd2 33. Rxd2 Bf4 34. Re1
Bxd2 35. Qxd2 f6 36. Qf4 Rce8 37. f3 a5 38. Qd6 axb4 39. Qxb4 Qa7 40. Kh1 Qa4
41. Qxa4 bxa4 42. Bc3 Rb7 43. Bb4 g5 44. Kg1 Rd8 45. Rd1 Kf7 46. Kf2 Ke6 47.
Ke3 Rbd7 48. Bc5 Rb8 49. Bb4 Rbd8 50. Bc5 1/2-1/2

[Event "DEM U12/U12w 2004"]
[Site "Willingen GER"]
[Date "2004.06.02"]
[Round "7"]
[White "Cornish, Alexander"]
[Black "Bochis, Julia"]
[Result "1/2-1/2"]
[Termination "normal"]
[Board "29"]
[WhiteElo "1404"]
[BlackElo "1261"]
[PlyCount "109"]
[BlackFideId "24647276"]
[EventCountry "GER"]
[EventRounds "11"]
[EventType "swiss"]
[EventDate "2004.05.29"]

1. e4 d5 2. exd5 Nf6 3. d4 Nxd5 4. c4 Nb6 5. c5 Nd5 6. Bc4 e6 7. b3 b6 8. Ba3
Be7 9. Nf3 Bb7 10. Nbd2 O-O 11. Rc1 Nc6 12. Bb5 Rc8 13. Bxc6 Bxc6 14. Ne5 Bb7
15. O-O Nf4 16. Ndf3 Re8 17. Bb2 bxc5 18. Qd2 Bg5 19. Kh1 f6 20. Nc4 Bxf3 21.
gxf3 Nd5 22. Ne3 cxd4 23. Bxd4 Nxe3 24. fxe3 e5 25. Bc3 Qxd2 26. Bxd2 Red8 27.
Rc2 f5 28. f4 exf4 29. exf4 Be7 30. Be3 a6 31. Rc6 Rd6 32. Rfc1 Rxc6 33. Rxc6
a5 34. Bc5 Bf6 35. Ra6 Bc3 36. Rc6 Bd2 37. Ra6 Kf7 38. Kg2 Bxf4 39. Rxa5 Ke6
40. Bd4 g6 41. h3 Rd8 42. Bc3 Rd3 43. Ra6+ Bd6 44. Ba5 Kd7 45. Ra8 Rg3+ 46. Kf2
Rxh3 47. Bd2 Rh2+ 48. Ke1 f4 49. a4 Bc5 50. Bxf4 Rb2 51. Rh8 Rxb3 52. Rxh7+ Kc6
53. Rxc7+ Kb6 54. a5+ Kb5 55. Rg7 1/2-1/2

[Event "DEM U12/U12w 2004"]
[Site "Willingen GER"]
[Date "2004.06.02"]
[Round "7"]
[White "Schnieber, Jacqueline"]
[Black "Giesler, Julius"]
[Result "0-1"]
[Termination "normal"]
[Board "30"]
[WhiteElo "1140"]
[BlackElo "1394"]
[PlyCount "74"]
[EventCountry "GER"]
[EventRounds "11"]
[EventType "swiss"]
[EventDate "2004.05.29"]

1. e4 e5 2. Nf3 Nc6 3. Bc4 Bc5 4. Nc3 Nf6 5. d3 d6 6. h3 Be6 7. Bb3 Qe7 8. Qe2
O-O-O 9. O-O h6 10. Ba4 Nd4 11. Nxd4 exd4 12. Nb5 g5 13. c3 dxc3 14. bxc3 Bd7
15. Qc2 Qe8 16. c4 g4 17. h4 g3 18. Be3 c6 19. Nc3 Qe5 20. Bxc5 Qxc5 21. Ne2
gxf2+ 22. Rxf2 Ng4 23. d4 Qh5 24. Rf3 Qxh4 25. Rh3 Qf2+ 26. Kh1 Ne3 27. Rxe3
Qxe3 28. Rb1 Rhg8 29. Qb2 b6 30. d5 Qf2 31. g3 Bh3 32. Nf4 Qf3+ 33. Kh2 Qxg3+
34. Kh1 Qf3+ 35. Kh2 Qxf4+ 36. Kh1 Qxe4+ 37. Kh2 Rg2+ 0-1

[Event "DEM U12/U12w 2004"]
[Site "Willingen GER"]
[Date "2004.06.02"]
[Round "7"]
[White "Hort, Maria"]
[Black "Günnigmann, Manuel"]
[Result "0-1"]
[Termination "normal"]
[Board "31"]
[WhiteElo "1082"]
[BlackElo "1383"]
[PlyCount "90"]
[BlackFideId "24640360"]
[EventCountry "GER"]
[EventRounds "11"]
[EventType "swiss"]
[EventDate "2004.05.29"]

1. e4 c5 2. Nf3 d6 3. Bc4 e6 4. O-O Nf6 5. d3 Nc6 6. Be3 Be7 7. Nc3 O-O 8. h3
d5 9. exd5 exd5 10. Bb3 d4 11. Bf4 dxc3 12. bxc3 Nd5 13. Bxd5 Qxd5 14. c4 Qd8
15. Re1 Bd6 16. Bg5 Qc7 17. Qd2 Bf5 18. Nh4 Bg6 19. Rab1 Rfe8 20. Nxg6 hxg6 21.
h4 Qd7 22. Be3 Re7 23. Rb2 Rae8 24. Reb1 b6 25. Qd1 Nd4 26. h5 gxh5 27. Qxh5
Qf5 28. Qh4 Qh7 29. Qxh7+ Kxh7 30. g3 Nf5 31. Bd2 Nd4 32. Kg2 Re2 33. Rh1+ Kg8
34. Bg5 Rxc2 35. Rbb1 f6 36. Be3 Rxe3 37. Rh2 Ree2 38. Rf1 Rxa2 39. Kh3 f5 40.
g4 fxg4+ 41. Kxg4 Bxh2 42. Rh1 Rxf2 43. Re1 Rg2+ 44. Kh3 Rg3+ 45. Kh4 Nf5+ 0-1

[Event "DEM U12/U12w 2004"]
[Site "Willingen GER"]
[Date "2004.06.02"]
[Round "7"]
[White "Spangenberg, Pia"]
[Black "Dzodziev, Daniel"]
[Result "0-1"]
[Termination "normal"]
[Board "33"]
[WhiteElo "1264"]
[BlackElo "1544"]
[PlyCount "26"]
[WhiteFideId "4627989"]
[EventCountry "GER"]
[EventRounds "11"]
[EventType "swiss"]
[EventDate "2004.05.29"]

1. e4 e5 2. Nf3 Nc6 3. d4 exd4 4. Nxd4 Nf6 5. Bg5 h6 6. Nxc6 bxc6 7. Bxf6 Qxf6
8. Nc3 Rb8 9. Rb1 Rxb2 10. Ne2 Bb4+ 11. c3 Bxc3+ 12. Nxc3 Qxc3+ 13. Qd2 Qxd2#
0-1

[Event "DEM U12/U12w 2004"]
[Site "Willingen GER"]
[Date "2004.06.02"]
[Round "7"]
[White "Hinz, Arne"]
[Black "Wolf, Isaak"]
[Result "1/2-1/2"]
[Termination "normal"]
[Board "34"]
[WhiteElo "1524"]
[BlackElo "1262"]
[PlyCount "63"]
[WhiteFideId "24634875"]
[EventCountry "GER"]
[EventRounds "11"]
[EventType "swiss"]
[EventDate "2004.05.29"]

1. e4 e5 2. Nf3 Nc6 3. Bb5 a6 4. Ba4 Nf6 5. O-O Bc5 6. d3 d6 7. h3 O-O 8. Nc3
Re8 9. Bb3 Be6 10. Be3 Bb4 11. Qd2 d5 12. exd5 Bxd5 13. Bxd5 Nxd5 14. a3 Bxc3
15. bxc3 Qe7 16. c4 Nf6 17. Rfb1 b6 18. Re1 Qd6 19. Qc3 Rad8 20. c5 bxc5 21.
Bxc5 Qd5 22. Rad1 e4 23. Nh2 exd3 24. Rxe8+ Rxe8 25. Rxd3 Qg5 26. Be3 Qb5 27.
Nf3 Ne4 28. Qb3 h6 29. Nd4 Qc5 30. Nxc6 Qxc6 31. Rd4 Nd6 32. Rd3 1/2-1/2

[Event "DEM U12/U12w 2004"]
[Site "Willingen GER"]
[Date "2004.06.02"]
[Round "7"]
[White "Weber, Raphael"]
[Black "Wild, Katharina"]
[Result "1-0"]
[Termination "normal"]
[Board "35"]
[WhiteElo "1471"]
[BlackElo "1249"]
[PlyCount "129"]
[WhiteFideId "24644110"]
[BlackFideId "24678015"]
[EventCountry "GER"]
[EventRounds "11"]
[EventType "swiss"]
[EventDate "2004.05.29"]

1. e4 c6 2. d4 d5 3. exd5 cxd5 4. c4 Nf6 5. Nc3 e6 6. Nf3 Be7 7. cxd5 exd5 8.
Bd3 O-O 9. O-O Bg4 10. h3 Bh5 11. Re1 Nc6 12. Bc2 h6 13. Be3 a6 14. Qe2 Re8 15.
Rac1 Bd6 16. Qd3 Bg6 17. Qd2 Bxc2 18. Qxc2 Rc8 19. Qd2 Rc7 20. Bf4 Bxf4 21.
Qxf4 Rce7 22. Rxe7 Rxe7 23. Qf5 Qe8 24. Nxd5 Nxd5 25. Qxd5 Rd7 26. Qc4 Qe4 27.
Rd1 Kh7 28. Qd3 Qxd3 29. Rxd3 Nb4 30. Ra3 Nc2 31. Rb3 b5 32. Rd3 Nb4 33. Ra3
Rd6 34. Kf1 Nc2 35. Ra5 Nb4 36. Ke2 Nc2 37. Kd3 Nb4+ 38. Kd2 f5 39. Ra3 g5 40.
g4 fxg4 41. hxg4 Kg6 42. Ke3 Nd5+ 43. Kd3 Nb4+ 44. Ke4 Nc2 45. Rc3 Nb4 46. a3
Nd5 47. Ne5+ Kf6 48. Rc6 Rxc6 49. Nxc6 Nc7 50. d5 Kf7 51. Ke5 Ke8 52. d6 Na8
53. Ke6 Nb6 54. Ne5 a5 55. d7+ Nxd7 56. Nxd7 b4 57. axb4 axb4 58. Ne5 Kd8 59.
Nf7+ Kc7 60. Nxh6 Kc6 61. Ke5 Kc5 62. b3 Kc6 63. Nf7 Kd7 64. Nxg5 Ke7 65. f4
1-0

[Event "DEM U12/U12w 2004"]
[Site "Willingen GER"]
[Date "2004.06.02"]
[Round "7"]
[White "Huhnstock, Rico"]
[Black "Hoffmann, Cara"]
[Result "1-0"]
[Termination "normal"]
[Board "36"]
[WhiteElo "1449"]
[BlackElo "922"]
[PlyCount "61"]
[WhiteFideId "24642932"]
[EventCountry "GER"]
[EventRounds "11"]
[EventType "swiss"]
[EventDate "2004.05.29"]

1. e4 c5 2. Nf3 d6 3. d4 cxd4 4. Nxd4 Nf6 5. Nc3 g6 6. Be3 Bg7 7. f3 Nc6 8. Qd2
O-O 9. O-O-O Bd7 10. g4 Rc8 11. h4 Ne5 12. h5 Nc4 13. Bxc4 Rxc4 14. hxg6 fxg6
15. Nde2 a6 16. g5 Nh5 17. Qd5+ Kh8 18. Qxc4 Rxf3 19. Bd2 Rf8 20. Rhf1 Bg4 21.
Rde1 b5 22. Qb4 Bxe2 23. Nxe2 d5 24. exd5 Qxd5 25. Rxf8+ Bxf8 26. Qd4+ Kg8 27.
Qxd5+ Kh8 28. Bc3+ Ng7 29. Bxg7+ Bxg7 30. Qd8+ Bf8 31. Qxf8# 1-0

[Event "DEM U12/U12w 2004"]
[Site "Willingen GER"]
[Date "2004.06.02"]
[Round "7"]
[White "Mijatovic, Andrea"]
[Black "Pantusenko, Valeria"]
[Result "1-0"]
[Termination "normal"]
[Board "37"]
[WhiteElo "1422"]
[BlackElo "1217"]
[PlyCount "59"]
[WhiteFideId "14514524"]
[BlackFideId "4662920"]
[EventCountry "GER"]
[EventRounds "11"]
[EventType "swiss"]
[EventDate "2004.05.29"]

1. e4 e5 2. Nf3 Nc6 3. d4 exd4 4. Bc4 Bc5 5. c3 Nf6 6. cxd4 Bb4+ 7. Bd2 Nxe4 8.
Bxb4 Nxb4 9. Bxf7+ Kxf7 10. Qb3+ d5 11. Qxb4 Re8 12. Ne5+ Kg8 13. O-O Qg5 14.
Qb3 c6 15. Re1 Rf8 16. Rf1 c5 17. Qxd5+ Kh8 18. Qxe4 cxd4 19. Qd5 Qf6 20. Qxd4
Rd8 21. Qxd8+ Qxd8 22. Nf7+ Kg8 23. Nxd8 Bd7 24. Nxb7 Rb8 25. Nc5 Bc6 26. b3
Rb5 27. Ne6 Re5 28. Nd4 Bb7 29. Nc3 Rc5 30. Rac1 1-0

[Event "DEM U12/U12w 2004"]
[Site "Willingen GER"]
[Date "2004.06.02"]
[Round "7"]
[White "Oat, Daniela"]
[Black "Sharikow, Alexej"]
[Result "0-1"]
[Termination "normal"]
[Board "38"]
[WhiteElo "943"]
[BlackElo "1420"]
[PlyCount "72"]
[EventCountry "GER"]
[EventRounds "11"]
[EventType "swiss"]
[EventDate "2004.05.29"]

1. c4 c5 2. Nc3 Nf6 3. g3 d5 4. cxd5 Nxd5 5. Bg2 e6 6. e3 Nc6 7. Nge2 g6 8. O-O
Bg7 9. d4 cxd4 10. exd4 Nb6 11. d5 exd5 12. Nxd5 Be6 13. Nxb6 Qxb6 14. Be3 Qc7
15. Qd2 Ne5 16. b3 Bh3 17. Rac1 Qe7 18. Bc5 Bxg2 19. Bxe7 Nf3+ 20. Kxg2 Nxd2
21. Rfd1 Kxe7 22. Rxd2 Rac8 23. Re1 Rcd8 24. Nf4+ Kf6 25. Rxd8 Rxd8 26. h4 Bh6
27. Nh3 Rd2 28. g4 Bf8 29. g5+ Kg7 30. a4 Rd4 31. Kg3 Bd6+ 32. f4 Rd3+ 33. Kg4
Rxb3 34. Nf2 h5+ 35. gxh6+ Kxh6 36. f5 Rg3# 0-1

[Event "DEM U12/U12w 2004"]
[Site "Willingen GER"]
[Date "2004.06.02"]
[Round "7"]
[White "Kamrla, Robin"]
[Black "Aslan, Benjamin"]
[Result "0-1"]
[Termination "normal"]
[Board "39"]
[WhiteElo "1435"]
[BlackElo "1232"]
[PlyCount "56"]
[BlackFideId "24640298"]
[EventCountry "GER"]
[EventRounds "11"]
[EventType "swiss"]
[EventDate "2004.05.29"]

1. e4 e5 2. Nf3 Nc6 3. Bc4 Nf6 4. d4 exd4 5. e5 Ne4 6. Nxd4 Nxe5 7. Bb3 Bc5 8.
c3 O-O 9. O-O Re8 10. f4 Nc6 11. Qh5 Bxd4+ 12. cxd4 Qf6 13. Be3 Nd6 14. Bf2
Nxd4 15. Nc3 Nxb3 16. axb3 c6 17. Bc5 b6 18. Bxb6 Nb5 19. Rfe1 Rxe1+ 20. Rxe1
Bb7 21. Nxb5 axb6 22. Nc3 Qxf4 23. Rf1 Qd4+ 24. Kh1 f6 25. Re1 g6 26. Qh6 Qf2
27. Rd1 c5 28. Qd2 Bxg2# 0-1

[Event "DEM U12/U12w 2004"]
[Site "Willingen GER"]
[Date "2004.06.02"]
[Round "7"]
[White "Jebtchouk, Dimitrij"]
[Black "Dürre, Gregor"]
[Result "1-0"]
[Termination "normal"]
[Board "40"]
[WhiteElo "1235"]
[BlackElo "1370"]
[PlyCount "53"]
[EventCountry "GER"]
[EventRounds "11"]
[EventType "swiss"]
[EventDate "2004.05.29"]

1. e4 c5 2. Nf3 Nc6 3. d4 cxd4 4. Nxd4 Nf6 5. Nc3 e5 6. Nxc6 bxc6 7. Bg5 d6 8.
Bc4 Be7 9. O-O O-O 10. Kh1 Kh8 11. f4 h6 12. Bh4 exf4 13. Bxf6 Bxf6 14. Rxf4
Kg8 15. Qh5 Rb8 16. Bb3 Qe7 17. Raf1 Bd7 18. R4f3 g6 19. Qxg6+ Bg7 20. Rxf7
Rxf7 21. Rxf7 Qxf7 22. Qxf7+ Kh8 23. Qxd7 Rf8 24. h3 Be5 25. Bc4 Bg3 26. Qe6
Kh7 27. Qe7+ 1-0

[Event "DEM U12/U12w 2004"]
[Site "Willingen GER"]
[Date "2004.06.02"]
[Round "7"]
[White "Kopp, Nico"]
[Black "Kammrad, Carolin"]
[Result "1/2-1/2"]
[Termination "normal"]
[Board "41"]
[WhiteElo "1336"]
[BlackElo "1177"]
[PlyCount "61"]
[WhiteFideId "24608092"]
[EventCountry "GER"]
[EventRounds "11"]
[EventType "swiss"]
[EventDate "2004.05.29"]

1. Nf3 d5 2. c4 e6 3. g3 Bd6 4. Bg2 Nf6 5. O-O O-O 6. b3 c5 7. e3 Nc6 8. Bb2 b6
9. d4 Bb7 10. Na3 Re8 11. Nb5 a6 12. Nxd6 Qxd6 13. Ne5 cxd4 14. Nxc6 Qxc6 15.
exd4 Qc7 16. Rc1 Qd7 17. Re1 dxc4 18. bxc4 Bxg2 19. Kxg2 Rac8 20. d5 b5 21.
dxe6 Rxe6 22. Bxf6 Qxd1 23. Rexd1 gxf6 24. cxb5 Rxc1 25. Rxc1 axb5 26. Rc2 Kf8
27. Rb2 Re5 28. Rb4 Kg7 29. a4 bxa4 30. Rxa4 h6 31. Kh3 1/2-1/2

[Event "DEM U12/U12w 2004"]
[Site "Willingen GER"]
[Date "2004.06.02"]
[Round "7"]
[White "Prosch, Julia"]
[Black "Knöchel, Sarah"]
[Result "1-0"]
[Termination "normal"]
[Board "42"]
[WhiteElo "1300"]
[BlackElo "1211"]
[PlyCount "81"]
[EventCountry "GER"]
[EventRounds "11"]
[EventType "swiss"]
[EventDate "2004.05.29"]

1. e4 e5 2. Nf3 Nc6 3. d4 exd4 4. Nxd4 Bc5 5. Be3 Qf6 6. c3 Nge7 7. Bb5 O-O 8.
O-O a6 9. Nxc6 axb5 10. Bxc5 Nxc6 11. Bxf8 Kxf8 12. Qh5 Kg8 13. Qxb5 d6 14. Nd2
Qg6 15. g3 Rb8 16. Rfe1 h6 17. Nc4 Bh3 18. e5 Qh5 19. Re3 Ne7 20. Qa5 b6 21.
Qa7 Rc8 22. exd6 Nd5 23. Rd3 Qg4 24. Ne5 Qf5 25. Qb7 cxd6 26. Qxf7+ Qxf7 27.
Nxf7 Kxf7 28. Rxd5 Ke6 29. Rad1 Kd7 30. Rxd6+ Ke7 31. Rxb6 Kf7 32. a4 Re8 33.
a5 Bg4 34. Ra1 Bf3 35. a6 Kg8 36. a7 Kh7 37. Rb8 Re2 38. a8=Q Bxa8 39. Raxa8
Rc2 40. h4 Re2 41. h5 1-0

[Event "DEM U12/U12w 2004"]
[Site "Willingen GER"]
[Date "2004.06.02"]
[Round "7"]
[White "Becher, Anne"]
[Black "Eckoldt, Katja"]
[Result "1/2-1/2"]
[Termination "normal"]
[Board "43"]
[WhiteElo "1259"]
[BlackElo "1056"]
[PlyCount "40"]
[EventCountry "GER"]
[EventRounds "11"]
[EventType "swiss"]
[EventDate "2004.05.29"]

1. c4 c5 2. g3 d6 3. Bg2 Nf6 4. Nc3 e6 5. Nf3 Be7 6. O-O O-O 7. d4 cxd4 8. Nxd4
Qc7 9. Qb3 Nc6 10. Nxc6 bxc6 11. Be3 Rb8 12. Qc2 Bb7 13. Bxa7 Ra8 14. Be3 Rab8
15. Rfd1 Rfd8 16. a4 Ba6 17. b3 Ng4 18. Rd3 Nxe3 19. Rxe3 d5 20. cxd5 cxd5
1/2-1/2

[Event "DEM U12/U12w 2004"]
[Site "Willingen GER"]
[Date "2004.06.02"]
[Round "7"]
[White "Dietrich, Stefan"]
[Black "Wisheckel, Lena"]
[Result "1/2-1/2"]
[Termination "normal"]
[Board "44"]
[WhiteElo "1176"]
[BlackElo "1259"]
[PlyCount "62"]
[BlackFideId "24691992"]
[EventCountry "GER"]
[EventRounds "11"]
[EventType "swiss"]
[EventDate "2004.05.29"]

1. e4 e5 2. Nf3 Nf6 3. Nc3 Bb4 4. Bc4 d6 5. a3 Bxc3 6. bxc3 Nxe4 7. Qe2 Nf6 8.
d4 e4 9. O-O O-O 10. Nd2 d5 11. Bb3 Be6 12. f3 exf3 13. Nxf3 h6 14. Qf2 Ne4 15.
Qe2 Nxc3 16. Qd3 Ne4 17. c4 Nf6 18. Ne5 dxc4 19. Nxc4 Nbd7 20. Bc2 Re8 21. Nd2
g6 22. Nf3 Bf5 23. Qd2 Bxc2 24. Qxc2 h5 25. Bg5 Qc8 26. Rae1 Nh7 27. Bh6 Rxe1
28. Rxe1 Nhf6 29. h3 b6 30. Nh4 c5 31. Nxg6 Qd8 1/2-1/2

[Event "DEM U12/U12w 2004"]
[Site "Willingen GER"]
[Date "2004.06.02"]
[Round "7"]
[White "Sancar, Kenan"]
[Black "Khitov, Roman"]
[Result "1/2-1/2"]
[Termination "normal"]
[Board "45"]
[WhiteElo "1367"]
[BlackElo "957"]
[PlyCount "70"]
[WhiteFideId "24647543"]
[EventCountry "GER"]
[EventRounds "11"]
[EventType "swiss"]
[EventDate "2004.05.29"]

1. e4 d5 2. exd5 Nf6 3. Bb5+ Bd7 4. Be2 Nxd5 5. d4 Nc6 6. Nf3 Bf5 7. O-O e6 8.
Re1 Qd7 9. Bb5 Qd6 10. Ne5 Nde7 11. c3 a6 12. Ba4 f6 13. Nf3 O-O-O 14. b4 Na7
15. Be3 Nd5 16. Bb3 Bxb1 17. Bxd5 Qxd5 18. Qxb1 Nb5 19. Qc2 Na3 20. Qb3 Qxb3
21. axb3 Nc2 22. Rac1 Nxe1 23. Rxe1 Bd6 24. Bd2 Rhe8 25. c4 c6 26. Kf1 Rd7 27.
d5 cxd5 28. cxd5 Rde7 29. dxe6 Rxe6 30. Rc1+ Kb8 31. Nd4 R6e7 32. Nf5 Rd7 33.
Nxd6 Rxd6 34. Bf4 Red8 35. Bxd6+ Rxd6 1/2-1/2

[Event "DEM U12/U12w 2004"]
[Site "Willingen GER"]
[Date "2004.06.02"]
[Round "7"]
[White "Mätzig, Lara Annabelle"]
[Black "Stognief, Ole"]
[Result "1-0"]
[Termination "normal"]
[Board "46"]
[WhiteElo "1136"]
[BlackElo "1292"]
[PlyCount "99"]
[EventCountry "GER"]
[EventRounds "11"]
[EventType "swiss"]
[EventDate "2004.05.29"]

1. e4 c6 2. d4 d5 3. Nc3 e6 4. Nf3 c5 5. dxc5 Bxc5 6. Bb5+ Bd7 7. Bxd7+ Nxd7 8.
O-O Ngf6 9. Bg5 Qc7 10. Bxf6 Nxf6 11. Re1 O-O 12. Rb1 Rad8 13. Qe2 d4 14. Na4
Bb4 15. c3 dxc3 16. Nxc3 b6 17. Rbc1 e5 18. Nd5 Qd6 19. Nxb4 Qxb4 20. Rc7 Rd7
21. Rxd7 Nxd7 22. Rd1 Qe7 23. Qb5 Rd8 24. h3 f6 25. a3 Nc5 26. Qc4+ Kh8 27. Rc1
h6 28. Nh4 Kh7 29. Nf5 Qe6 30. Qe2 Rg8 31. Qe3 Qf7 32. Rd1 Qh5 33. Rd6 Qg5 34.
Qe2 Qc1+ 35. Kh2 Qf4+ 36. Ng3 Rc8 37. Kg1 Qg5 38. Kh1 g6 39. Qf3 Rf8 40. Rc6
Rf7 41. b4 Nb7 42. Qb3 Kg7 43. Qc4 h5 44. Rc7 Nd6 45. Qc6 Ne8 46. Rc8 h4 47.
Qxe8 hxg3 48. fxg3 Rb7 49. Qf8+ Kh7 50. Qh8# 1-0

[Event "DEM U12/U12w 2004"]
[Site "Willingen GER"]
[Date "2004.06.02"]
[Round "7"]
[White "Tantzen, Cedric"]
[Black "Rummer, Bärbel"]
[Result "1/2-1/2"]
[Termination "normal"]
[Board "47"]
[WhiteElo "1266"]
[BlackElo "1054"]
[PlyCount "66"]
[WhiteFideId "24640018"]
[BlackFideId "12900109"]
[EventCountry "GER"]
[EventRounds "11"]
[EventType "swiss"]
[EventDate "2004.05.29"]

1. e4 e5 2. Nf3 Nc6 3. Bb5 d6 4. d4 exd4 5. Nxd4 Bd7 6. Bxc6 Bxc6 7. Nxc6 bxc6
8. O-O Nf6 9. Bf4 Be7 10. Nc3 Nd7 11. Qf3 Bg5 12. Rad1 Bxf4 13. Qxf4 O-O 14.
Rd3 Ne5 15. Rg3 Ng6 16. Qg4 Re8 17. f4 Qf6 18. f5 Ne5 19. Qg5 Qxg5 20. Rxg5 f6
21. Rg3 Rad8 22. Kh1 d5 23. exd5 cxd5 24. Nb5 Rd7 25. Re1 Rb8 26. Nd4 Kf7 27.
Ne6 g6 28. Nd4 gxf5 29. Nxf5 Rb4 30. Rg7+ Ke8 31. Rxd7 Kxd7 32. a3 Rg4 33. Rf1
Ke6 1/2-1/2

[Event "DEM U12/U12w 2004"]
[Site "Willingen GER"]
[Date "2004.06.02"]
[Round "7"]
[White "Gremmer, Jan"]
[Black "Thiele, Eileen"]
[Result "1-0"]
[Termination "normal"]
[Board "48"]
[WhiteElo "1240"]
[BlackElo "894"]
[PlyCount "57"]
[EventCountry "GER"]
[EventRounds "11"]
[EventType "swiss"]
[EventDate "2004.05.29"]

1. e4 e5 2. Nf3 Nc6 3. Bc4 Bc5 4. c3 Nf6 5. d4 exd4 6. cxd4 Bb4+ 7. Nc3 Nxe4 8.
O-O Bxc3 9. bxc3 O-O 10. Qd3 Nf6 11. Bg5 h6 12. Bh4 d5 13. Bxf6 Qxf6 14. Bxd5
Bf5 15. Be4 Ne7 16. Rfe1 Rfe8 17. Ne5 Qg5 18. Re3 Nd5 19. Rg3 Nf4 20. Rxg5 Nxd3
21. Rxf5 Nxe5 22. Rxe5 Rxe5 23. dxe5 Re8 24. Rd1 f6 25. Bg6 Rf8 26. e6 c6 27.
e7 Rc8 28. Rd8+ Rxd8 29. exd8=Q# 1-0

[Event "DEM U12/U12w 2004"]
[Site "Willingen GER"]
[Date "2004.06.02"]
[Round "7"]
[White "Falke, Cynthia"]
[Black "Zuyeva, Lisa"]
[Result "1-0"]
[Termination "normal"]
[Board "49"]
[WhiteElo "1197"]
[BlackElo "1028"]
[PlyCount "59"]
[WhiteFideId "24600644"]
[EventCountry "GER"]
[EventRounds "11"]
[EventType "swiss"]
[EventDate "2004.05.29"]

1. e4 e5 2. Nf3 Nc6 3. Bc4 Bc5 4. d3 d6 5. Nc3 Bg4 6. Bd2 Qd7 7. h3 Be6 8. Bd5
Nf6 9. Bxc6 Qxc6 10. Bg5 Qb6 11. Rb1 Bxf2+ 12. Kf1 Bc5 13. a3 d5 14. b4 Be7 15.
Nxe5 Qd4 16. Nf3 Qxc3 17. Rb3 Qc6 18. b5 Qd7 19. Rb1 h6 20. Be3 Bxa3 21. Bd4
dxe4 22. dxe4 Bc4+ 23. Kg1 O-O-O 24. c3 Nxe4 25. Qa4 Qe7 26. Qxc4 Ng3 27. Rh2
Qd7 28. Ra1 Qf5 29. b6 Rhe8 30. Qxc7# 1-0